=LDR 00000nam 2200000 4500 =001 INLIS000000000018040 =005 20130612113223 =008 ***********************************Ind** =035 ##$$0010-061300000018040 =041 ##$$a Ind =082 ##$$a 636.5 =090 ##$$a 636.5, Mul m =100 ##$$a Mulyono, Subangkit =245 ##$$a Memelihara ayam buras berorientasi agribisnis, Subangkit Mulyono =260 ##$$a 2004 $b Jakarta =300 ##$$a viii, 175 hlm, ilus, 21 cm =650 ##$$a Ayam Buras =850 ##$$a NBPNMAT =990 ##$$a 2090100979/BPAP-NTB/2015